Statistiques concernant Dans le club (michou)

Cliquez ici pour prendre le quiz!

Statistiques générales

  • Ce quiz a été pris 152 fois
  • Le résultat moyen est 187 sur 371

Statistiques - réponses

paroles% Correct
dans
98%
le
98%
club
96%
je
93%
refrainet
92%
a
91%
à
91%
posé
90%
normal
89%
ce
85%
qui
85%
verre
85%
mon
83%
lève
82%
levé
82%
tout
82%
| 2e coupletpas
81%
de
73%
suis
73%
ceux
69%
bras
68%
un
65%
tu
64%
deux
58%
en
58%
sortent
58%
danse
55%
j'suis
55%
la
55%
55%
bas
54%
ça
54%
j'lève
47%
est
42%
michou
40%
soir
40%
soir,
40%
on
39%
léves
38%
lèves
38%
j'dead
37%
avec
35%
les
34%
ouais
33%
même
30%
moi
30%
si
30%
ta
30%
crier
28%
c'est
27%
toi
27%
viens
27%
danser
26%
sais
26%
y
26%
bouger
25%
j'entend
25%
mais
25%
pote
25%
te
25%
pour
24%
aller
23%
impossible
23%
portables
23%
j'ai
22%
l'année,
22%
l'equipe
22%
parle
22%
soirée
22%
sur
22%
va
22%
vois
22%
mal
20%
3e couplet | 7e coupletnon
20%
que
20%
table
20%
bouteilles
19%
cul
19%
retard
19%
sait
19%
sec
19%
sois
19%
soit
19%
echoue
18%
échoue
18%
jambes
18%
plus
18%
reste
18%
s'ambiancer
18%
ton
18%
boit
17%
corps
17%
qu'on
17%
s'amuser
17%
vas
17%
fiancée
16%
folie
16%
gang
16%
gens
16%
peux
16%
potion
16%
danses
15%
hey
15%
plait
15%
equipe
14%
mille
14%
numéro
14%
pioncer
14%
regarde
14%
s'il
14%
son
14%
usée
14%
temps
13%
calcule
12%
commu
12%
dégainez
12%
dire
12%
miff
12%
potos
12%
seul
12%
vise
12%
vont
12%
boite
11%
4e couplettoute
11%
d'être
10%
partout
10%
besoin
9%
bouges
9%
6e coupletdonc
9%
éloquent
9%
j'fais
9%
rentre
9%
léve-toi
8%
t'as
6%
tourne
4%
passe
2%
tchika
1%

Distribution des résultats

Percentile par nombre de réponses

% des personnes avec chaque résultat

Votre développement - résultats

Vous n’avez pas pris ce quiz